| 000 | 00000nam 2200000za 4500 |
| 001 | 9.629990 |
| 003 | CaOODSP |
| 005 | 20221107134259 |
| 007 | cr ||||||||||| |
| 008 | 150407s2015 xxcad|||o f|0| 0 eng d |
| 020 | |a978-1-100-25852-2 |
| 040 | |aCaOODSP|beng |
| 043 | |an-cn--- |
| 086 | 1 |aR3-222/2015E-PDF |
| 245 | 00|aSkills in Canada |h[electronic resource] : |bpreliminary results of the Programme for the International Assessment of Adult Competencies. |
| 260 | |a[Gatineau, Quebec] : |bAboriginal Affairs and Northern Development Canada, |c[2015]. |
| 300 | |a[4] p. : |bgraphs. |
| 500 | |aIssued also in French under title: Les compétences au Canada : résultats préliminaires du programme pour l’évaluation internationale des compétences des adultes. |
| 690 | 07|aSkills|2gcpds |
| 710 | 1 |aCanada. |bAboriginal Affairs and Northern Development Canada. |
| 775 | 08|tLes compétences au Canada |w(CaOODSP)9.677583 |
| 856 | 40|qPDF|s405 KB|uhttps://publications.gc.ca/collections/collection_2015/aadnc-aandc/R3-222-2015-eng.pdf |
| 986 | |aQS-6355-000-EE-A1 |